h1

h2

h3

h4

h5
h6
000047269 001__ 47269
000047269 005__ 20170706232038.0
000047269 0247_ $$2HSB$$aalm10080241x
000047269 037__ $$aRWTH-CONV-008082
000047269 041__ $$aEnglish
000047269 1001_ $$0P:(DE-82)004300$$aOlshanskii, Maxim A.$$b0$$eAuthor
000047269 245__ $$aUniform preconditioners for a parameter dependent saddle point problem with application to generalized stokes interface equations$$cMaxim A. Olshanskii, Jörg Peters and Arnold Reuske$$hprint
000047269 260__ $$aAachen$$bInst. für Geometrie und Praktische Mathematik$$c2005
000047269 300__ $$a27 S.
000047269 3367_ $$0PUB:(DE-HGF)25$$2PUB:(DE-HGF)$$aPreprint$$bpreprint$$mpreprint
000047269 3367_ $$2ORCID$$aWORKING_PAPER
000047269 3367_ $$2DRIVER$$apreprint
000047269 3367_ $$2DataCite$$aOutput Types/Working Paper
000047269 3367_ $$028$$2EndNote$$aElectronic Article
000047269 3367_ $$2BibTeX$$aARTICLE
000047269 4900_ $$aBericht / Institut für Geometrie und Praktische Mathematik, RWTH Aachen$$v252
000047269 7001_ $$0P:(DE-82)057834$$aPeters, Jörg$$b1$$eAuthor
000047269 7001_ $$0P:(DE-82)IDM00103$$aReusken, Arnold$$b2$$eAuthor
000047269 909CO $$ooai:publications.rwth-aachen.de:47269$$pVDB
000047269 9201_ $$0I:(DE-82)111710_20140620$$k111710$$lLehrstuhl für Numerische Mathematik$$x0
000047269 9201_ $$0I:(DE-82)110000_20140620$$k110000$$lFachgruppe Mathematik$$x1
000047269 961__ $$c2013-06-08$$x2008-06-11$$z2012-02-20
000047269 970__ $$aalm10080241x
000047269 980__ $$apreprint
000047269 980__ $$aI:(DE-82)111710_20140620
000047269 980__ $$aI:(DE-82)110000_20140620
000047269 980__ $$aVDB
000047269 980__ $$aUNRESTRICTED
000047269 980__ $$aConvertedRecord